000 00404nam a2200181Ia 4500
001 9543
005 20260306161726.0
008 260306t1994||||xx |||||||||||||| ||spa||
041 _aESP
082 _a382
_bC T. 5
100 _aPiñeiro Iñíguez, Carlos
_eAUT
245 0 _aIntercambio compensado
260 _c1994
300 _a
_c
650 _aGEN
654 _aCAN
942 _cLIB
_dJUS
_fJUS
_2ddc
_n
999 _c9543
_d9543